Debating Darwin /

Bibliographic Details
Main Authors: Richards, Robert J. (Robert John), 1942- (Author), Ruse, Michael (Author)
Corporate Author: EBSCOhost
Format: eBook
Language:English
Published: Chicago : The University of Chicago, 2016.
Subjects:
Online Access:Connect to the full text of this electronic book

MARC

Tag First Indicator Second Indicator Subfields
LEADER 00000cam a22000001i 4500
001 in00003733232
006 m |o d |
007 cr |n|||||||||
008 160928s2016 ilu ob 001 0 eng d
005 20260609153826.0
020 |a 9780226384399 (electronic bk.) 
020 |a 022638439X (electronic bk.) 
020 |z 9780226384429 
020 |z 022638442X 
024 8 |a 40026376052 
035 |a (NhCcYBP)EBSCO1334032 
040 |a NhCcYBP  |c NhCcYBP  |d UtOrBLW 
050 4 |a QH366.2  |b .R5238 2016 
082 0 4 |a 576.8/2  |2 23 
100 1 |a Richards, Robert J.  |q (Robert John),  |d 1942-  |e author.  |0 http://id.loc.gov/authorities/names/n86012514 
245 1 0 |a Debating Darwin /  |c Robert J. Richards and Michael Ruse. 
264 1 |a Chicago :  |b The University of Chicago,  |c 2016. 
300 |a 1 online resource. 
336 |a text  |b txt  |2 rdacontent 
337 |a computer  |b c  |2 rdamedia 
338 |a online resource  |b cr  |2 rdacarrier 
504 |a Includes bibliographical references and index. 
505 0 |a Charles Darwin: great Briton. Prologue ; Britain before Darwin ; A child of his class ; Evolution and natural selection ; On the origin of species ; Humans ; Envoi -- Charles Darwin: cosmopolitan thinker. Introduction ; Sketch of Darwin's life and works ; Literature of significance for Darwin: romanticism and natural theology ; The romantic foundations of Darwin's theory ; Darwin's scientific theology ; Darwin's construction of his theory ; Man, the moral animal ; Conclusion -- Response to Ruse. The language of metaphor ; Teleology ; Evolutionary development as progressive ; Individual versus group selection ; The evolution of morality ; Conclusion -- Reply to Richards. Levels of selection ; Embryology ; The romantic influence ; Alexander von Humboldt ; Paradise lost -- Epilogue -- History of evolutionary biology since the origin of species -- Human consciousness -- Religion and god. 
588 |a Description based on print version record. 
500 |a Electronic resource. 
600 1 0 |a Darwin, Charles,  |d 1809-1882.  |0 http://id.loc.gov/authorities/names/n78095637 
650 0 |a Evolution (Biology)  |0 http://id.loc.gov/authorities/subjects/sh90004042 
655 7 |a Electronic books.  |2 local 
700 1 |a Ruse, Michael,  |e author.  |0 http://id.loc.gov/authorities/names/n78086451 
710 2 |a EBSCOhost. 
776 1 8 |c Original  |z 9780226384429  |z 022638442X  |w (DLC) 2015048965 
856 4 0 |u http://proxy.library.tamu.edu/login?url=https://search.ebscohost.com/login.aspx?direct=true&scope=site&db=nlebk&db=nlabk&AN=1334032  |z Connect to the full text of this electronic book  |t 0 
955 |a YBP purchased approval e-records 
980 |b 56.25  |g 1 
987 |a ybp13012829 
999 f f |s bafa1777-cb46-3493-ac7d-d84d82e7d5cc  |i 73722769-33d5-3818-b255-9a3ffc49602b  |t 0 
952 f f |a Texas A&M University  |b College Station  |c Electronic Resources  |s www_evans  |d Available Online  |t 0  |e QH366.2 .R5238 2016  |h Library of Congress classification 
998 f f |a QH366.2 .R5238 2016  |t 0  |l Available Online